Oxford dictionary of Computing: For learners of English

Dades bibliogràfiques
Altres autors: Pune S. (редактор), Tuck A.
Idioma:anglès
Publicat: Oxford, Oxford University Press, 1996
Col·lecció:Oxford University Press
Matèries:
Format: MixedMaterials Llibre
KOHA link:https://koha.lib.tpu.ru/cgi-bin/koha/opac-detail.pl?biblionumber=8803

MARC

LEADER 00000nam0a2200000 4500
001 8803
005 20231030182037.0
010 |a 0194314413 
035 |a (RuTPU)RU\TPU\book\8852 
035 |a BOOK00008912 
090 |a 8803 
100 |a 20011209d1996 km y0engy50 ba 
101 0 |a eng 
102 |a GB 
105 |a a e 000zy 
200 1 |a Oxford dictionary of Computing  |e For learners of English  |f Editors S. Pune, A. Tuck 
210 |a Oxford  |c Oxford University Press  |d 1996 
215 |a 394 p. 
225 1 |a Oxford University Press 
610 1 |a английский язык 
610 1 |a словари 
610 1 |a терминологические словари 
610 1 |a вычислительная техника 
610 1 |a компьютеры 
686 |a Ш143.21-43  |v LBC/SL-A  |2 rubbk 
702 1 |a Pune  |b S.  |4 340 
702 1 |a Tuck  |b A.  |4 340 
801 0 |a RU  |b 63413507  |c 20011209  |g PSBO 
801 2 |a RU  |b 63413507  |c 20150318  |g PSBO 
942 |c BK 
959 |a 29/20060505  |d 1  |e 300  |f АЯ1:1